|
|
|
|
| LEADER |
00000naa0a2200000 4500 |
| 001 |
591570 |
| 005 |
20250826120714.0 |
| 035 |
|
|
|a (RuTPU)RU\TPU\tpu\1955
|
| 035 |
|
|
|a TPU00001955
|
| 090 |
|
|
|a 591570
|
| 100 |
|
|
|a 20011210d1930 k||y0rusy50 ca
|
| 101 |
0 |
|
|a rus
|
| 102 |
|
|
|a RU
|
| 200 |
1 |
|
|a Осмотр месторождения магнетита на горе Листвянной на левом берегу р. Ини
|f И. И. Аммосов
|
| 463 |
|
1 |
|t Краткий отчет о работе институтов Главного геолого-разведочного управления ВСНХ СССР за 1927-1928 и 1928-1929 г.г.
|v С. 55
|d 1930
|
| 610 |
1 |
|
|a геолого-географические науки
|
| 610 |
1 |
|
|a труды учёных ТПУ
|
| 700 |
|
1 |
|a Аммосов
|b И. И.
|
| 801 |
|
0 |
|a RU
|b 63413507
|c 20011210
|g PSBO
|
| 801 |
|
2 |
|a RU
|b 63413507
|c 20060321
|g PSBO
|
| 942 |
|
|
|c BK
|